| 000 | 00645nam a2200193 i 4500 | ||
|---|---|---|---|
| 001 | 46079 | ||
| 003 | ES-MaACL | ||
| 005 | 20230906161327.0 | ||
| 007 | t| | ||
| 008 | 030327s1959 sp ||||1| spa d | ||
| 245 | 0 | 0 | _aCompendios de dermatología, oftalmología y otorrinología para médicos de medicina general. |
| 260 |
_aMasnou, Barcelona : _bLaboratorios del Norte de España, _c[1959] |
||
| 300 |
_aVIII, 121 p. : _bil. ; _c20 cm. |
||
| 650 | 4 |
_aDermatología. _911784 |
|
| 650 | 4 |
_aOftalmología. _915693 |
|
| 650 | 4 |
_aOtorrinolaringología. _915780 |
|
| 710 | 2 |
_aLaboratorios del Norte de España. _95476 |
|
| 852 |
_aES-MaACL _jC-17257 |
||
| 999 |
_c46079 _d46079 |
||